| 000 | 01830cam a22005654i 4500 | ||
|---|---|---|---|
| 003 | PE-LiUPU | ||
| 005 | 20250731170412.0 | ||
| 008 | 160916s1984 r 000 0 spa d | ||
| 020 | _a8471121328 | ||
| 035 | _a(Sirsi) a163540 | ||
| 041 | 1 |
_aspa _hfre |
|
| 082 | 0 | 4 |
_a155.4 _bP52r |
| 100 | 1 |
_aPiaget, Jean, _eautor. |
|
| 245 | 1 | 3 |
_aLa representación del mundo en el niño / _cJean Piaget. |
| 250 | _aSexta edición. | ||
| 264 |
_aMadrid : _bMorata, _c1984. |
||
| 300 |
_a342 páginas ; _c21 centímetros |
||
| 336 |
_atext _2rdacontent |
||
| 337 |
_aunmediated _2rdamedia |
||
| 338 |
_avolume _2rdacarrier |
||
| 505 | 0 | _aEl realismo infantil -- El animalismo infantil -- El artificialismo infantil y las etapas ulteriores de la causalidad. | |
| 526 | _aSEG68 | ||
| 526 | _aSEG70 | ||
| 526 | _aSEG69 | ||
| 526 | _aSEG67 | ||
| 526 | _aSEG43 | ||
| 526 | _aP144 | ||
| 526 | _aP143 | ||
| 526 | _aP131 | ||
| 526 | _aP122 | ||
| 526 | _aP120 | ||
| 526 | _aP117 | ||
| 526 | _aP112 | ||
| 526 | _aP110 | ||
| 526 | _aP106 | ||
| 526 | _aP101 | ||
| 526 | _aP80 | ||
| 526 | _aP59 | ||
| 526 | _aP54 | ||
| 526 | _aP35 | ||
| 526 | _aP33 | ||
| 526 | _aP30 | ||
| 534 |
_pTítulo original : _tLa representation du monde chez l'enfant. |
||
| 650 | 1 | 4 | _aPercepción social en niños. |
| 596 | _a1 | ||
| 942 |
_2ddc _cBOOK |
||
| 999 |
_a155.4 P52R _wDEWEY _c12416 _i25699 _d12416 _e2018-8-8 _f2019-12-10 _g4 _lDISCARD _mBUL _n1 _q2 _r0 _sY _tBOOK _u2016-9-16 _xSALUD _PP33 _0COMPRA _o.STAFF. Colección Salud |
||
| 999 |
_a155.4 P52R _wDEWEY _c2 _i74964 _d2018-8-27 _e2018-8-20 _f2021-11-3 _g5 _lCCODEBUL1 _mBUL _n1 _p15.00 _q2 _r0 _sY _tBOOK _u2016-10-12 _xSALUD _PP33 _0COMPRA _o.STAFF. Colección Ciencias de la Salud |
||
| 980 |
_81 _gALBERTO SANCHEZ Responsable de Automatización |
||